|
|
|
|
| LEADER |
00000nam a22000007a 4500 |
| 005 |
20191114221250.0 |
| 007 |
cr|||| |||| |
| 008 |
191114s2019 es |||||s|||| 00||0 spa d |
| 020 |
|
|
|a 978-84-7351-681-5
|
| 035 |
|
|
|a 30651
|
| 040 |
|
|
|a vLex
|
| 090 |
|
|
|c 10016
|d 10016
|
| 100 |
1 |
|
|a Lucas Palacios, Laura
|
| 245 |
1 |
0 |
|a Otra educacin̤ es posible
|h [Recurso electrn̤ico] /
|c Laura Lucas Palacios
|
| 256 |
|
|
|a Servicio en ln̕ea
|
| 260 |
|
|
|a Madrid:
|b Instituto Nacional de Administracin̤ Pb︢lica (INAP),
|c 2019
|
| 300 |
|
|
|a 1 recurso electrn̤ico
|
| 500 |
|
|
|a Cuando el patrimonio se convierte en piedra filosofal de la educacin̤.
|
| 506 |
1 |
|
|a Disponible solo en los productos indicados
|d vLex Global
|d vLex Global (Academic Edition, excluding Law Schools)
|d vLex Global (U.S. Academic Edition, Law Schools)
|d vLex Global (U.S. Academic Edition, excluding Law Schools)
|d vLex Global (Academic Edition, Law Schools)
|
| 650 |
0 |
4 |
|a Educacin̤
|z Espaą
|
| 740 |
0 |
|
|a vLex Libros (Servicio en ln̕ea)
|
| 856 |
4 |
0 |
|u http://vlex.com/source/otra-educacion-posible-30651
|z Acceso restringido
|
| 942 |
|
|
|c BOOK
|
| 999 |
0 |
|
|a Education
|